Países desaparecidos #1 - Estadísticas

Estadísticas generales
  • Esta prueba ha sido intentada 59 veces
    22 desde el último reinicio
  • La puntuación promedio es 7 de 16
Estadísticas de respuestas
Imagen Respuesta % Correcto
Imperio Español
83%
Prusia
83%
Unión Soviética
83%
Reino de Italia
61%
República Española
61%
Imperio Alemán
50%
Imperio Otomano
44%
Imperio Ruso
44%
Imperio Austríaco
39%
Reino de Hungría
39%
Gran Qing
33%
Imperio Persa
33%
Baviera
28%
Confederación Perú-Boliviana
17%
Unión de Kalmar
11%
Manchukuo
6%
No se encontraron pruebas coincidentes
Distribución de puntuación
Porcentaje de gente con cada puntuación
Porcentaje por número respondido
Historial de tus puntuaciones
No has intentado esta prueba desde el último reinicio